| 000 | 00621pam a2200181 a 4500 | ||
|---|---|---|---|
| 020 | _a0538811633 | ||
| 050 | 0 | 0 |
_aHF5635 _b.S61 1993 |
| 100 | 1 | _aSkousen, K. Fred. | |
| 245 | 1 | 0 | _aAccounting principles and applications / |
| 250 |
_a4th ed. / _bK. Fred Skousen, Harold Q. Langenderfer, W. Steve Albrecht. |
||
| 260 |
_aCincinnati, Ohio : _bCollege Division, South-Western Pub., _cc1993. |
||
| 300 | _axiv, 1233 p. : | ||
| 500 | _aRev. ed. of: Accounting / K. Fred Skousen ... [et al.]. 3rd ed. c1987. | ||
| 650 | _xAccounting. | ||
| 700 | 1 | _aLangenderfer, Harold Q. | |
| 700 | 1 | _aAlbrecht, W. Steve. | |
| 942 |
_2lcc _cGEN |
||
| 999 |
_c9106 _d9106 |
||